| 000 | 00000nam 2200000za 4500 |
| 001 | 9.808937 |
| 003 | CaOODSP |
| 005 | 20250507113240 |
| 007 | cr ||||||||||| |
| 008 | 160609s2016 onc o f000 0 kor d |
| 020 | |a978-0-660-04201-5 |
| 040 | |aCaOODSP|bfre |
| 043 | |an-cn--- |
| 086 | 1 |aPS4-69/2016Kor-PDF|zPS4-69/2016Ko-PDF |
| 245 | 05|a[Les victimes d'actes criminels se tiennent au courant] |h[ressource électronique]. |
| 250 | |a[Édition coréen]. |
| 260 | |a[Ottawa] : |bSécurité publique Canada, |cc2016. |
| 300 | |aii, 26 p. |
| 500 | |aTitre français fourni par l’éditeur. |
| 530 | |aÉgalement publ. en version imprimée. |
| 546 | |aTexte en coréen. |
| 692 | 07|2gccst|aVictime |
| 692 | 07|2gccst|aCrime |
| 710 | 1 |aCanada. |bSécurité publique Canada. |
| 775 | 08|tLes victimes d'actes criminels se tiennent au courant |w(CaOODSP)9.808271 |
| 776 | 0#|tLes victimes d'actes criminels |w(CaOODSP)9.808935 |
| 791 | |t[Victims of crime |eeng|w(CaOODSP)9.808936 |
| 856 | 40|qPDF|s361 Ko|uhttps://publications.gc.ca/collections/collection_2016/sp-ps/PS4-69-2016-kor.pdf |